000 01094pam a2200361 i 4500
001 data
005 20260322212105.0
008 data
035 _a4579886
906 _a7
_bcbc
_corignew
_d1
_eocip
_f19
_gy-gencatlg
010 _a 75013512
020 _a0443011060 :
_c£6.00
020 _a9780443011061
035 _9(DLC) 75013512
040 _aDLC
_cDLC
_dDLC
050 0 0 _aRA651
_b.M63 1975
060 _aWA100 M876u
082 0 0 _a614.4
100 1 _aMorris, J. N.
_q(Jeremy Noah)
245 1 0 _aUses of epidemiology /
_cJ. N. Morris.
250 _a3d ed.
260 _aNew York :
_aNew York :
_bChurchill Livingstone : distributed in the U.S.A. by Longman,
_c1975.
300 _a318 p. :
_bill. ;
_c22 cm.
336 _atext
_btxt
_2rdacontent
337 _aunmediated
_bn
_2rdamedia
338 _avolume
_bnc
_2rdacarrier
500 _aIncludes index.
504 _aBibliography: p. 284-310.
650 0 _aEpidemiology.
650 2 _aEpidemiology.
991 _bc-GenColl
_hRA651
_i.M63 1975
_tCopy 1
_wBOOKS
999 _c1535
_d1535